Collins concise thesaurus (Record no. 2487)

MARC details
000 -LEADER
fixed length control field 00309nam a2200133Ia 4500
020 ## - INTERNATIONAL STANDARD BOOK NUMBER
ISBN 0-00-472110-1
082 ## - DEWEY DECIMAL CLASSIFICATION NUMBER
Classification number RR 423.1 CO;
245 #0 - TITLE STATEMENT
Title Collins concise thesaurus
260 ## - PUBLICATION, DISTRIBUTION, ETC. (IMPRINT)
Place of publication Glasgow
Name of publisher HarperCollins Publishers
Year of publication 2000
300 ## - PHYSICAL DESCRIPTION
Number of Pages 824p.
650 ## - SUBJECT ADDED ENTRY--TOPICAL TERM
Topical Term THESAURUS
700 ## - ADDED ENTRY--PERSONAL NAME
Personal name Gilmour, Lorna
942 ## - ADDED ENTRY ELEMENTS (KOHA)
Koha item type Books
Holdings
Withdrawn status Lost status Damaged status Not for loan Home library Current library Date acquired Bill Date Full call number Accession Number Price effective from Koha item type
        NASSDOC Library NASSDOC Library 08/10/2004 2004-10-05 RR 423.1 CO; 37691 18/04/2019 Books